[Event "LSS No Engine Cup 22 Preliminary 5"]
[Site "LSS email"]
[Date "2010.05.19"]
[Round "?"]
[White "Stringa, Alejandro J"]
[Black "Mouratidou, Maria"]
[Result "1-0"]
[WhiteElo "1156"]
[BlackElo "930"]
[PlyCount "41"]
[EventDate "2010.05.20"]
[EventType "tourn (corr)"]
[EventRounds "6"]
[EventCountry "GER"]
[SourceTitle "Telechess CBM 141"]
[Source "ChessBase"]
[SourceDate "2011.03.17"]
[SourceVersion "1"]
[SourceVersionDate "2011.03.17"]
[SourceQuality "1"]

1. d4 g6 2. c4 Bg7 3. Nc3 d6 4. e4 Nc6 5. Nf3 e5 6. d5 Nce7 7. Be2 f5 8. 0-0 Nf6 9. Qc2 0-0 10. Ne1 f4 11. f3 Rf7 12. Nd3 Bf8 13. c5 g5 14. cxd6 cxd6 15. Bd2 Ng6 16. Rac1 a6 17. Be1 h5 18. Bf2 g4 19. Na4 gxf3 20. Bxf3 Bg4 21. Bb6 1-0